Estatísticas para Bandeiras de Países com o Cruzeiro do Sul

Clique aqui para jogar o quiz

Estatísticas Gerais

  • Esse quiz foi jogado 6 800 vezes
  • A pontuação média é 4 de 5

Estatísticas das Respostas

Resposta% Correto
Austrália
96%
Nova Zelândia
96%
Papua Nova Guiné
83%
Brasil
65%
Samoa
44%

Distribuição das Pontuações

Percentil de Números Respondidos

Porcentagem de Pessoas com Cada Pontuação

Sua Pontuação Histórica

Você não jogou esse quiz